000 00759nam a2200241Ia 4500
003 OSt
005 20220918214059.0
006 a|||||r|||| 00| 0
007 ta
008 220917b |||||||| |||| 00| 0 eng d
024 _a135,765
037 _cTextual
040 _aARTS
_cARTS
_beng
041 _2eng
_aeng
082 _aX724c, K4
100 _aBhargava S R ed
_9129758
245 0 _a1964-65 ready reckoner with estate duty wealth tax gift tax expenditure tax tables and illustrations
_b income tax super tax corporation tax annuity deposit and sur tax
260 _c1964
650 _aECONOMICS
700 _a Bhargava U K ed
_9129759
942 _hX724c, K4
_cTEXL
_2CC
999 _c258857
_d258857